[Event "Corus-C"]
[Site "Wijk aan Zee"]
[Date "2005.01.29"]
[Round "12"]
[White "Georgiev, Vladimir"]
[Black "L'Ami, Erwin"]
[Result "1-0"]
[WhiteElo "2517"]
[BlackElo "2531"]
[Annotator "Postny,E"]
[PlyCount "83"]
[EventDate "2005.01.15"]
[EventType "tourn"]
[EventRounds "13"]
[EventCountry "NED"]
[EventCategory "7"]
[SourceTitle "CBM 105"]
[Source "ChessBase"]
[SourceDate "2005.04.11"]
[SourceVersion "1"]
[SourceVersionDate "2005.04.11"]
[SourceQuality "1"]

1. d4 Nf6 2. Bg5 Ne4 3. Bf4 c5 4. f3 Qa5+ {A useful intermediate check. Black
forces white to play c2-c3, which will obstruct the development of white's
queenside knight.} 5. c3 Nf6 6. d5 ({A solid alternative is} 6. Nd2 cxd4 7. Nb3
Qb6 8. Qxd4 {1-0 McShane,L-Cvitan,O/Mallorca 2004/CBM 104 [Postny,E] (68)})
6... Qb6 {Provoking a concession.} 7. b3 (7. Bc1 {--> 1/2-1/2 Gustafsson,
J-Eljanov,P/Plovdiv 2003/CBM 98 [Finkel] (33)}) 7... e6 {This typical break in
the centre is the most logical attempt to make use of white's temporary lag in
development.} (7... d6 8. e4 g6 9. Bd3 Bg7 10. Ne2 O-O 11. Nd2 Nbd7 12. Nc4 Qc7
13. a4 b6 14. O-O a6 {+/=/= 1/2-1/2 Adams,M-Tkachiev,V/Wijk aan Zee 1995/CBM
45 (53)}) 8. e4 exd5 9. exd5 d6 {I guess that L'Ami prepared this line at home,
since Georgiev has already this variation in this tournament few rounds before:
} (9... Bd6 10. Bg5 O-O (10... Be7 11. Ne2 d6 12. c4 Qd8 13. Be3 b5 {1/2-1/2
Moiseenko,A-Volokitin,A/Kharkov 2004/CBM 103 [Postny,E] (34)}) 11. Bxf6 Re8+
12. Ne2 gxf6 13. Nd2 Bf4 14. Nc4 Qd8 15. g3 b5 16. gxf4 bxc4 17. Kf2 d6 18. Ng3
cxb3 19. axb3 $16 {1-0 Georgiev,V-Spoelman,W/Wijk aan Zee 2005/CBM 105_03 (38)}
) 10. c4 (10. Na3 Be7 11. Bb5+ Nbd7 12. Ne2 O-O 13. Bxd7 Bxd7 14. Nc4 Qc7 15.
a4 b6 16. O-O Nh5 17. Qd2 Nxf4 18. Qxf4 f5 $132 {0-1 From,S-Gagarin,V/Aalborg
1995/EXT 97 (33)}) 10... Be7 11. Bd3 (11. Nc3 O-O 12. Bd3 Nbd7 13. Nge2 Ne5 14.
Bxe5 dxe5 15. Qc2 g6 16. O-O-O Nh5 17. g4 Nf4 18. h4 Nxd3+ 19. Qxd3 Bd7 20. d6
Bd8 21. g5 Qa5 22. Ng3 b5 23. Nge4 $40 {1-0 Kanep,M-Seeman,T/Kilingi Nomme
2002/EXT 2003 (28)}) 11... O-O 12. Ne2 {White's position is preferable thanks
to space advantage. Black should strive for exchanges to avoid potential
squeezing.} Re8 13. Nbc3 $146 (13. Qc2 g6 14. Nbc3 Nh5 15. Bd2 Nd7 16. f4 f5
17. O-O Ndf6 18. Rae1 Bd7 19. Kh1 $14 {1/2-1/2 Jones,I-Rayner,F/Swansea 2002/
EXT 2003 (61)}) 13... Nbd7 14. Qc2 Bf8 15. g4 Ne5 16. Bxe5 $6 {I don't like
this exchange. This bishop is important to cover the dark holes in white's
camp.} (16. O-O-O $14 Nxf3 $6 17. g5 Nh5 18. Bxh7+ Kh8 19. Be4 Nxf4 20. Bxf3
$40 {[%csl Rh8]}) 16... Rxe5 17. f4 Rxe2+ $1 {This sacrifice is actually
forced, but gives black good counterplay.} (17... Re7 $2 18. g5 {[%csl Rf6,Rh7]
}) 18. Nxe2 Bxg4 {Black has sufficient compensation for the exchange. White
has to play carefully, since his monarch is not safe and the dark squares in
his camp are extremely vulnerable.} 19. Rg1 Bxe2 $6 {This is too hastily.
Black had plenty of useful moves and could keep the exchange on e2 as an
option.} (19... g6 {followed by Bg7 and Re8 with a nice game for black.}) 20.
Kxe2 Re8+ 21. Kf3 Qd8 {Transfering the queen to the kingside, where it will
create threats against the white king.} 22. Rae1 $2 ({It was much stronger to
hide the king in the corner as soon as possible by} 22. Kg2 {[%csl Yh1][%cal
Yg2h1]}) 22... Rxe1 23. Rxe1 g6 24. Kg2 (24. f5 Nh5 $36 {[%cal Gd8h4]}) 24...
Nh5 {Black has total control over dark squares. It's extremely difficult to
defend this position as white.} 25. Rf1 (25. f5 Qh4 26. Re8 Nf4+ 27. Kg1 Qg4+
28. Kf2 Qh3 $17) 25... Bh6 26. f5 Qh4 27. Rf3 (27. fxg6 hxg6 {does not assist
white.}) (27. Be2 Bf4 28. Rh1 Be5 $40) 27... Qg4+ 28. Kf2 Bg7 $1 29. Qe2 (29.
Be2 Nf4 $40) 29... Be5 $1 30. Qe4 $6 (30. Ke1 Nf4 31. Qf1 {trying to escape
with the king to the queenside.}) 30... Nf4 31. Rxf4 {White is forced to give
back the exchange to avoid the worse.} Bxf4 $4 {It's hard to tell what black
missed, but this recapture is a losing one!} ({Black has great winning chances
in the endgame with the opposite colour bishops:} 31... Qxf4+ 32. Qxf4 Bxf4 33.
h3 Kg7 {This endgame deserves further investigation. At the moment, i don't
see a clear draw for white.}) 32. f6 $1 {[%csl Rg8][%cal Ge4e8] Suddenly,
black's king is in danger.} h5 (32... Qh4+ 33. Kf3 Qh5+ 34. Kxf4 Qxh2+ 35. Ke3
$18) 33. Qe8+ Kh7 34. Qxf7+ Kh6 35. Qg7+ Kg5 {[%tqu "En","Find the best move
for White.","","","g7e7","The only way for a win.",10,"g7g6","",0,"f6f7","",0]}
36. Qe7 $1 {The only way for a win.} (36. Qxg6+ Kh4 37. f7 Qxg6 38. Bxg6 Bh6
$11) (36. f7 $2 Qh4+ 37. Kf1 Qh3+ 38. Ke1 Qe3+ $1 39. Be2 Qg1+ 40. Bf1 Qxh2 41.
Qc3 Qh4+ 42. Ke2 Qg4+ 43. Qf3 Qf5 $19) 36... Qh4+ 37. Kf1 Qh3+ 38. Ke1 Qxd3 ({
There is no perpetual after} 38... Qh4+ 39. Kd1 Qg4+ 40. Kc2 (40. Be2 $4 Qg1+
41. Kc2 Qc1+ 42. Kd3 Qd2+ 43. Ke4 Qe3#) 40... Qg2+ 41. Be2 $18) 39. f7+ Kg4 {
[%tqu "En","How should White continue?","","","e7e6","Very important check.",
10,"f7f8Q","",0]} 40. Qe6+ $1 {Very important check.} ({White could still lose
after:} 40. f8=Q $4 Qc3+ $1 (40... Qd2+ $2 41. Kf1 Kf3 42. Qxf4+ Kxf4 (42...
Qxf4 $4 43. Qe2#) 43. Qxd6+ $11) 41. Kf1 Qf3+ $1 42. Ke1 (42. Kg1 Be3+ 43. Qxe3
Qxe3+ $19) 42... Qh1+ 43. Ke2 Qxh2+ 44. Ke1 Qd2+ 45. Kf1 Kf3 $1 $19 {A
picturesque position. Two white's queens are hopeless against black's
coordinated forces.}) 40... Kh4 41. f8=Q {Now it's all over for black, since
his king can not take part in the attack.} Qc3+ 42. Kf2 1-0

[Event "Baku ol (Men) 42nd"]
[Site "Baku"]
[Date "2016.09.13"]
[Round "11.1"]
[White "Ghaem Maghami, Ehsan"]
[Black "Morovic Fernandez, Ivan"]
[Result "1-0"]
[WhiteElo "2566"]
[BlackElo "2554"]
[PlyCount "81"]
[EventDate "2016.09.02"]
[EventType "team-swiss"]
[EventRounds "11"]
[EventCountry "AZE"]
[SourceTitle "CBM 175"]
[Source "ChessBase"]
[SourceDate "2016.11.10"]
[SourceVersion "1"]
[SourceVersionDate "2016.11.10"]
[SourceQuality "1"]
[WhiteTeam "Iran"]
[BlackTeam "Chile"]
[WhiteTeamCountry "IRI"]
[BlackTeamCountry "CHI"]

1. d4 Nf6 2. Bg5 e6 3. e4 h6 4. Bxf6 Qxf6 5. Nc3 d6 6. Qd2 g5 7. O-O-O Bg7 8.
e5 dxe5 9. dxe5 Qe7 10. f4 Nc6 11. g3 Bd7 12. Bg2 O-O-O 13. Qe3 Qb4 14. Nge2
Qb6 15. Qe4 Ne7 16. Nd4 Kb8 17. Rhe1 Bc8 18. a3 Nf5 19. Nxf5 exf5 20. Qc4 Be6
21. Bd5 Rhe8 22. Na4 Rxd5 23. Nxb6 Rxd1+ 24. Rxd1 Bxc4 25. Nxc4 gxf4 26. gxf4
Kc8 27. Ne3 Bf8 28. Nxf5 f6 29. Re1 fxe5 30. fxe5 Re6 31. Kd2 h5 32. Kd3 Kd7
33. Re3 Rb6 34. b4 a5 35. c3 axb4 36. axb4 Ra6 37. Rh3 Bxb4 38. Rxh5 Ra3 39.
Rh7+ Ke6 40. Ke4 Bc5 41. Rxc7 1-0

[Event "RUS-ch 66th"]
[Site "Nizhnij Novgorod"]
[Date "2013.10.12"]
[Round "7"]
[White "Goganov, Aleksey"]
[Black "Shomoev, Anton"]
[Result "1-0"]
[WhiteElo "2575"]
[BlackElo "2579"]
[PlyCount "119"]
[EventDate "2013.10.05"]
[EventType "tourn"]
[EventRounds "9"]
[EventCountry "RUS"]
[EventCategory "18"]
[SourceTitle "CBM 157"]
[Source "ChessBase"]
[SourceDate "2013.11.12"]
[SourceVersion "1"]
[SourceVersionDate "2013.11.12"]
[SourceQuality "1"]

1. d4 Nf6 2. Bg5 e6 3. Nd2 c5 4. e3 cxd4 5. exd4 Be7 6. Bd3 b6 7. Ngf3 Ba6 8.
Bxa6 Nxa6 9. O-O O-O 10. c4 d6 11. Rc1 Qd7 12. a3 b5 13. Qe2 bxc4 14. Qxc4 Nb8
15. Bxf6 Bxf6 16. Ne4 d5 17. Nxf6+ gxf6 18. Qc7 Qxc7 19. Rxc7 Na6 20. Rc3 Rfc8
21. Rfc1 Rxc3 22. Rxc3 Rb8 23. b4 Rb7 24. Rc8+ Kg7 25. Kf1 Rc7 26. Rxc7 Nxc7
27. Ke2 Nb5 28. a4 Nc3+ 29. Kd3 Nxa4 30. Nh4 Kf8 31. g4 Nb2+ 32. Ke2 Ke7 33. f4
Kd7 34. Nf3 Nc4 35. Kd3 Ke7 36. h4 Nd6 37. h5 Ne4 38. Ke3 Kf8 39. h6 Ke7 40.
Ne1 Nd6 41. Nf3 Kd7 42. Kd3 Ne4 43. g5 Ke7 44. Ke3 Nd6 45. Kd3 Nc4 46. Kc3 fxg5
47. fxg5 Kd6 48. Nh4 Ke7 49. b5 Nd6 50. Kb4 Ne4 51. g6 fxg6 52. Nxg6+ Kd6 53.
Ka5 Kc7 54. Ka6 Nd6 55. Ne5 Nf5 56. Kxa7 Nxd4 57. b6+ Kd6 58. b7 Kxe5 59. b8=Q+
Ke4 60. Qb1+ 1-0

[Event "Beersheba g/30'"]
[Site "Beersheba"]
[Date "2004.04.20"]
[Round "9"]
[White "Golod, Vitali"]
[Black "Tyomkin, Dimitri"]
[Result "1-0"]
[WhiteElo "2552"]
[BlackElo "2503"]
[Annotator "Tyomkin,D"]
[PlyCount "61"]
[EventDate "2004.04.18"]
[EventType "tourn (rapid)"]
[EventRounds "11"]
[EventCountry "ISR"]
[EventCategory "12"]
[SourceTitle "CBM 101"]
[Source "ChessBase"]
[SourceDate "2004.07.27"]
[SourceVersion "1"]
[SourceVersionDate "2004.07.27"]
[SourceQuality "1"]

1. d4 Nf6 2. Bg5 Ne4 3. Bf4 c5 4. d5 {Vitaly prepared this line specially for
this tournament;} (4. f3 {-is the main line here;}) 4... Qb6 5. Bc1 e5 {
Black has other moves here, but my coach Mark Tseitlin recommends this move;}
6. f3 Nd6 {6..Nf6 is less flexible;} (6... Nf6 7. e4 d6 8. Nd2 (8. a4 Be7 9.
Nc3 O-O 10. g3 Nbd7 11. Bh3 Ne8 12. Qd3 Qd8 13. Be3 Bg5 14. f4 exf4 15. gxf4
Bh4+ 16. Kd2 g6 17. Nf3 Bf6 18. Bg2 a6 19. Rhe1 $14 {1/2-1/2 Van der Wiel,
J-Nunn,J/Leiden 1982/EXT 2002 (19)}) 8... Be7 9. Bd3 O-O 10. a4 Ne8 11. Nc4 Qd8
12. Ne2 Bg5 13. f4 $1 exf4 14. Nxf4 Nd7 15. O-O Ne5 16. Be2 Nxc4 17. Bxc4 $14 {
1-0 Stefanova,A-Manca,F/Saint Vincent 2000/CBM 74 ext (41)}) 7. e4 g6 $146 {
I found this move during the game; It seems like 7..g6 gives black a good play
while other moves lead to whites advantage;} (7... f5 8. c4 fxe4 9. fxe4 Nf7
10. Nc3 Be7 11. Nf3 Qg6 12. Be3 d6 13. Qd2 $14 {1/2-1/2 Karttunen,M-Movsesian,
S/Rethymnon 2003 (51)}) (7... Be7 $142 8. Nc3 O-O 9. Nh3 Ne8 10. Nf2 d6 11. Bd3
Qd8 12. g3 (12. f4 exf4 13. Bxf4 Bg5 $11) 12... Na6 13. Be3 Rb8 14. Qd2 Bd7 15.
a4 Nb4 16. Be2 g6 17. O-O f5 18. exf5 gxf5 19. f4 $14 {0-1 Golod,V-Tseitlin,M/
Beer Sheva ISR 2004/The Week in Chess 494 (67)}) 8. Nc3 Qd8 $6 {just a waste
of time, also black queen on b6 prevents Be3 move since pawn b2 is hanging
then; I teach my students those basics almost every day, but I don't follow
them myself in this game.....} (8... Bg7 $142 9. Be3 Qxb2 10. Na4 Qb4+ 11. c3
Qa5 12. Bxc5 Qc7 {[%cal Gb7b6] black must be safe here;}) 9. Be3 (9. f4 $1 exf4
10. Bxf4 $16 {[%cal Ge4e5]}) 9... b6 10. Qd2 Bg7 11. Nh3 O-O 12. Nf2 f5 13.
exf5 gxf5 (13... Nxf5 14. Bg5 $16 {[%cal Gf2e4,Gd5d6]}) 14. f4 exf4 15. Bxf4
Re8+ 16. Kd1 $16 {White king is safe in the centre, black lacks development
horribly;} Qf6 (16... Ne4 17. Nfxe4 fxe4 18. Nb5 d6 $5 19. Nxd6 e3 20. Qd3 Ba6
21. c4 $16) 17. Bxd6 Qxd6 18. Nb5 Qe5 {looking for complications, but black is
in trouble here in all cases;} (18... Qf6 19. Nc7 Qxb2 20. Rc1 Qe5 (20... Bc3
21. Qg5+ $18) 21. Bc4 Bb7 22. Nd3 $16) 19. Nd3 $18 Qxd5 20. Nc7 Qf7 21. Nxe8 $1
{White must block d5-square to prevent d7-d5 of black;} (21. Nxa8 d5 {[%cal
Gc8b7]}) 21... Qxe8 22. Nf4 Bb7 23. Bc4+ Kh8 24. Bd5 Bxd5 25. Qxd5 Nc6 26. c3
$1 {Black doesn't have enough resources to create any real threats against
white king;} Qe3 27. g3 Re8 28. Kc2 Nd4+ {Psychical attack!} (28... Qf2+ 29.
Qd2 Qxd2+ 30. Kxd2 d5 31. Rae1 $18) 29. cxd4 Qf2+ 30. Kd1 {Actually Kb3 and
Kb1 win too;} Re4 $2 {I just forgot that I have a king too!} (30... Qxb2 31.
Rc1 Bxd4 32. Qf7 $18) 31. Qa8+ {and white mates in 2;} 1-0

[Event "Biel MTO op 46th"]
[Site "Biel"]
[Date "2013.07.25"]
[Round "4"]
[White "Grachev, Boris V"]
[Black "Zhao, Xue"]
[Result "1-0"]
[WhiteElo "2683"]
[BlackElo "2553"]
[PlyCount "61"]
[EventDate "2013.07.22"]
[EventType "swiss"]
[EventRounds "11"]
[EventCountry "SUI"]
[SourceTitle "CBM 155 Extra"]
[Source "ChessBase"]
[SourceDate "2013.08.26"]
[SourceVersion "1"]
[SourceVersionDate "2013.08.26"]
[SourceQuality "1"]

1. d4 Nf6 2. Bg5 e6 3. Nd2 h6 4. Bh4 Nc6 5. c3 e5 6. e3 d6 7. Bb5 Bd7 8. Ngf3
g5 9. Bg3 e4 10. Ng1 Qe7 11. Ne2 O-O-O 12. a4 Bg7 13. b4 Nh5 14. d5 Nb8 15. Nd4
Bxd4 16. cxd4 Ng7 17. Qc2 f5 18. Nc4 f4 19. exf4 Nf5 20. Qc3 g4 21. Rc1 c6 22.
dxc6 bxc6 23. d5 Kc7 24. Bxc6 Nxc6 25. b5 Qg7 26. Qxg7 Nxg7 27. dxc6 Be6 28.
Bh4 Rb8 29. Bf6 Rhg8 30. Bd4 a6 31. b6+ 1-0

[Event "Mexico City Cuadrangular"]
[Site "Mexico City"]
[Date "2016.10.30"]
[Round "1.2"]
[White "Granda Zuniga, Julio E"]
[Black "Dominguez Perez, Leinier"]
[Result "1-0"]
[WhiteElo "2648"]
[BlackElo "2736"]
[PlyCount "111"]
[EventDate "2016.10.29"]
[EventType "k.o. (rapid)"]
[EventRounds "2"]
[EventCountry "MEX"]
[SourceTitle "CBM 175 Extra"]
[Source "ChessBase"]
[SourceDate "2016.12.12"]
[SourceVersion "1"]
[SourceVersionDate "2016.12.12"]
[SourceQuality "1"]

1. d4 Nf6 2. Bg5 Ne4 3. Bf4 d5 4. Nd2 Nxd2 5. Qxd2 Bf5 6. e3 e6 7. Ne2 Bd6 8.
Ng3 Bg6 9. h4 h6 10. h5 Bh7 11. Bd3 Bxd3 12. Qxd3 O-O 13. O-O-O Nd7 14. Bxd6
cxd6 15. Kb1 Rc8 16. Ne2 Rc6 17. g4 Qa5 18. g5 hxg5 19. Rdg1 Rfc8 20. Rxg5 Kf8
21. c3 Ra6 22. Nc1 Nf6 23. Rhg1 Ne8 24. Qh7 Ke7 25. h6 Nf6 26. Qxg7 Rxc3 27.
Qxf6+ Kxf6 28. h7 Rxc1+ 29. Kxc1 Qxa2 30. h8=Q+ Ke7 31. Rg8 Rc6+ 32. Kd1 Qb1+
33. Ke2 Qc2+ 34. Kf3 Qe4+ 35. Kg3 Kd7 36. Qh4 Qxh4+ 37. Kxh4 Rc2 38. Rb8 Rxb2
39. Rg7 Ke7 40. Kg3 a5 41. Ra8 Ra2 42. Ra7 Kf6 43. Rg4 e5 44. Rxb7 Ra1 45. Ra7
Ke6 46. Rh4 Rg1+ 47. Kf3 Ra1 48. Rh7 f6 49. Ra6 Ra3 50. Rha7 exd4 51. Rxa5 Rc3
52. Ra3 Rc4 53. R7a4 d3 54. Ra5 d2 55. Rd3 d4 56. Rxd2 1-0

[Event "25th Magistral Barcelona"]
[Site "Barcelona ESP"]
[Date "2020.12.08"]
[Round "7.5"]
[White "Grigoryan, K2."]
[Black "Lopez Martinez, Josep"]
[Result "1-0"]
[WhiteElo "2651"]
[BlackElo "2542"]
[PlyCount "99"]
[EventDate "2020.12.02"]
[EventType "tourn"]
[EventRounds "9"]
[EventCountry "ESP"]
[EventCategory "10"]
[SourceTitle "The Week in Chess 1362"]
[Source "Mark Crowther"]
[SourceDate "2020.12.14"]
[SourceVersion "1"]
[SourceVersionDate "2020.12.14"]
[SourceQuality "2"]

1. d4 Nf6 2. Bg5 d5 3. e3 c6 4. Bd3 g6 5. Nf3 Bg7 6. Nbd2 Bf5 7. Bxf5 gxf5 8.
c4 Nbd7 9. Qc2 e6 10. Ne5 Qb6 11. Nxd7 Nxd7 12. h3 O-O 13. O-O Rfe8 14. Bf4 Nf6
15. Rac1 Qd8 16. Nf3 Ne4 17. Ne5 f6 18. Nf3 Rc8 19. Rfd1 Bf8 20. Ne1 Nd6 21. b3
Nf7 22. Nd3 Qd7 23. Qc3 b6 24. Qb2 Bd6 25. Bxd6 Nxd6 26. Qe2 Ne4 27. f3 Nd6 28.
Qf2 Kh8 29. Nf4 Qf7 30. Qh4 Rg8 31. Qh6 dxc4 32. bxc4 Qe7 33. Qh4 Nf7 34. Kh1
Ng5 35. d5 e5 36. Nh5 Qf7 37. Ng3 Qg6 38. Kh2 c5 39. Rd2 Rg7 40. f4 Nf7 41. d6
Rcg8 42. Nh5 Qh6 43. d7 exf4 44. exf4 Nd8 45. Re1 Rg6 46. Re8 Rf8 47. Rde2 Rfg8
48. Rxg8+ Rxg8 49. Re8 Rf8 50. Qe1 1-0

[Event "St Louis Winter B 2018"]
[Site "Saint Louis USA"]
[Date "2018.11.06"]
[Round "2.1"]
[White "Hakobyan, Aram"]
[Black "Mikhalevski, V."]
[Result "1-0"]
[WhiteElo "2565"]
[BlackElo "2574"]
[PlyCount "51"]
[EventDate "2018.11.05"]
[EventType "tourn"]
[EventRounds "9"]
[EventCountry "USA"]
[EventCategory "12"]
[SourceTitle "The Week in Chess 1253"]
[Source "Mark Crowther"]
[SourceDate "2018.11.12"]
[SourceVersion "3"]
[SourceVersionDate "2019.01.17"]
[SourceQuality "2"]

1. d4 Nf6 2. Bg5 d5 3. e3 c5 4. Bxf6 gxf6 5. dxc5 e6 6. Nf3 Bxc5 7. Be2 Qb6 8.
Qc1 Nc6 9. O-O O-O 10. Nbd2 Rd8 11. e4 Bf8 12. exd5 Rxd5 13. Ne4 Bg7 14. c4 Rd8
15. Qc3 Qc7 16. Nxf6+ Kh8 17. Ng5 Nd4 18. Qh3 Nxe2+ 19. Kh1 h6 20. Rad1 Bxf6
21. Qxh6+ Kg8 22. Qxf6 Rf8 23. f4 e5 24. fxe5 Qb6 25. Rd6 Qa5 26. Nxf7 1-0

[Event "Rome World Online Blitz (Women)"]
[Site "Rome"]
[Date "2015.11.26"]
[Round "15"]
[White "Harika, Dronavalli"]
[Black "Kosteniuk, Alexandra"]
[Result "1-0"]
[WhiteElo "2513"]
[BlackElo "2534"]
[PlyCount "37"]
[EventDate "2015.11.26"]
[EventType "tourn (blitz)"]
[EventRounds "18"]
[EventCountry "ITA"]
[EventCategory "7"]
[SourceTitle "CBM 169 Extra"]
[Source "ChessBase"]
[SourceDate "2015.12.18"]
[SourceVersion "1"]
[SourceVersionDate "2015.12.18"]
[SourceQuality "1"]

1. d4 Nf6 2. Bg5 e6 3. e4 h6 4. Bxf6 Qxf6 5. c3 d6 6. Nd2 Be7 7. Bd3 O-O 8. Ne2
e5 9. O-O Bg4 10. f3 Bh5 11. Ng3 Bg6 12. d5 Nd7 13. b4 a5 14. a3 Qf4 15. Qe2
Bg5 16. Nc4 axb4 17. axb4 h5 18. Nf5 Bd8 19. Rxa8 1-0

[Event "Rome World Online Blitz (Women)"]
[Site "Rome"]
[Date "2015.11.26"]
[Round "5"]
[White "Harika, Dronavalli"]
[Black "Dzagnidze, Nana"]
[Result "1-0"]
[WhiteElo "2513"]
[BlackElo "2566"]
[PlyCount "105"]
[EventDate "2015.11.26"]
[EventType "tourn (blitz)"]
[EventRounds "18"]
[EventCountry "ITA"]
[EventCategory "7"]
[SourceTitle "CBM 169 Extra"]
[Source "ChessBase"]
[SourceDate "2015.12.18"]
[SourceVersion "1"]
[SourceVersionDate "2015.12.18"]
[SourceQuality "1"]

1. d4 Nf6 2. Bg5 e6 3. e4 h6 4. Bxf6 Qxf6 5. c3 c5 6. Nf3 Qg6 7. Bd3 Qxg2 8.
Rg1 Qh3 9. Nbd2 cxd4 10. cxd4 Nc6 11. Rg3 Qh5 12. a3 b6 13. Qe2 Bb7 14. O-O-O
Be7 15. Kb1 Rc8 16. e5 Na5 17. Rxg7 Nb3 18. Ne4 Kf8 19. Rg3 Rg8 20. Rdg1 Rxg3
21. Rxg3 Nc1 22. Qd2 Nxd3 23. Qxd3 Qf5 24. Nfd2 Bg5 25. Nxg5 Qxd3+ 26. Rxd3
hxg5 27. Rg3 Ke7 28. Rxg5 Rh8 29. Nf1 Ba6 30. Ne3 Rxh2 31. d5 Rxf2 32. d6+ Kf8
33. Rh5 Bd3+ 34. Kc1 Kg7 35. Rg5+ Bg6 36. Rg3 Re2 37. Ng4 Rc2+ 38. Kd1 Rxb2 39.
Nf6 Rb5 40. Nxd7 Rd5+ 41. Kc1 Rd4 42. Nf6 b5 43. Rc3 a5 44. Rc8 b4 45. axb4
axb4 46. d7 b3 47. d8=Q Rxd8 48. Rxd8 Kh6 49. Kb2 Kg5 50. Kc3 Kf4 51. Nd7 Bc2
52. Rf8 Bg6 53. Kxb3 1-0

[Event "Beijing Sportaccord Basque (Women)"]
[Site "Beijing"]
[Date "2014.12.16"]
[Round "1.14"]
[White "Harika, Dronavalli"]
[Black "Cramling, Pia"]
[Result "1-0"]
[WhiteElo "2505"]
[BlackElo "2518"]
[PlyCount "133"]
[EventDate "2014.12.16"]
[EventType "swiss"]
[EventRounds "5"]
[EventCountry "CHN"]
[SourceTitle "CBM 163 Extra"]
[Source "ChessBase"]
[SourceDate "2014.12.23"]
[SourceVersion "1"]
[SourceVersionDate "2014.12.23"]
[SourceQuality "1"]

1. d4 Nf6 2. Bg5 e6 3. Nf3 h6 4. Bh4 c5 5. e3 b6 6. Bd3 Bb7 7. Nbd2 d6 8. c3
Be7 9. O-O Nbd7 10. Qe2 a6 11. a4 O-O 12. h3 Re8 13. Bg3 Nf8 14. Rfd1 Qc7 15.
e4 Nh5 16. Bh2 Ng6 17. Qe3 e5 18. dxe5 dxe5 19. Bf1 Rad8 20. Nc4 Bf6 21. a5 b5
22. Nb6 Nhf4 23. g3 Ne6 24. Nd5 Bxd5 25. exd5 Ng5 26. Bg2 e4 27. Nh4 Ne7 28. g4
Be5 29. Bxe5 Qxe5 30. f4 Nxd5 31. Rxd5 Qxd5 32. fxg5 Qxg5 33. Nf5 Qxe3+ 34.
Nxe3 Rd2 35. Rb1 g6 36. Nf1 Rc2 37. Ne3 Rd2 38. c4 bxc4 39. Nxc4 Rd4 40. b3 Rb8
41. Nb6 Rb4 42. Bf1 Rd8 43. Bxa6 Rd2 44. Bc4 e3 45. Re1 Ra2 46. Nd5 Rxc4 47.
bxc4 Rxa5 48. Nxe3 Kg7 49. Kf2 Ra3 50. Rd1 Ra2+ 51. Kg3 Re2 52. Rd3 Kf8 53. h4
Kg7 54. g5 Re1 55. gxh6+ Kxh6 56. Ng4+ Kg7 57. Rd5 Rg1+ 58. Kh3 f5 59. Nf2 f4
60. Rxc5 Rg3+ 61. Kh2 Kh6 62. Rc8 Rf3 63. Kg2 Rg3+ 64. Kf1 Rc3 65. c5 f3 66.
Ne4 Rc2 67. Ng3 1-0

[Event "Isle of Man op"]
[Site "Isle of Man"]
[Date "1997.??.??"]
[Round "5"]
[White "Hebden, Mark"]
[Black "Kosten, Anthony C"]
[Result "1-0"]
[WhiteElo "2575"]
[BlackElo "2530"]
[PlyCount "57"]
[EventDate "1997.10.??"]
[EventType "swiss"]
[EventRounds "9"]
[EventCountry "ENG"]
[SourceTitle "EXT 1999"]
[Source "ChessBase"]
[SourceDate "1998.11.16"]
[SourceVersion "1"]
[SourceVersionDate "1998.11.16"]
[SourceQuality "1"]

1. d4 Nf6 2. Bg5 e6 3. c3 h6 4. Bxf6 Qxf6 5. e4 d6 6. Bd3 Nd7 7. Ne2 g6 8. O-O
Bg7 9. f4 Qe7 10. e5 c5 11. Nd2 cxd4 12. cxd4 O-O 13. Ne4 dxe5 14. fxe5 f5 15.
exf6 Nxf6 16. Nxf6+ Rxf6 17. Rxf6 Qxf6 18. Qa4 Qe7 19. Qb3 Qd6 20. Bxg6 Bd7 21.
Rf1 Rf8 22. Rxf8+ Kxf8 23. Qf3+ Kg8 24. Qf7+ Kh8 25. Bd3 Bc6 26. Nf4 Qxd4+ 27.
Kh1 h5 28. Qxh5+ Kg8 29. Bh7+ 1-0

[Event "Lindores Abbey Tal Mem"]
[Site "Riga LAT"]
[Date "2021.11.08"]
[Round "10.23"]
[White "Henriquez Villagra, C."]
[Black "Sjugirov, S."]
[Result "1-0"]
[WhiteElo "2608"]
[BlackElo "2663"]
[PlyCount "143"]
[EventDate "2021.11.08"]
[SourceVersionDate "2018.05.14"]

1. d4 Nf6 2. Bg5 c5 3. d5 Ne4 4. Bc1 e6 5. dxe6 fxe6 6. g3 d5 7. Bg2 Nf6 8. Nf3
Nc6 9. O-O Bd6 10. c4 d4 11. e3 e5 12. exd4 exd4 13. Re1+ Be7 14. Ng5 O-O 15.
Ne6 Bxe6 16. Rxe6 Qd7 17. Re1 Bd6 18. Bg5 Kh8 19. Nd2 Ne5 20. Bxf6 gxf6 21. Qb3
Rab8 22. Ne4 Be7 23. Rad1 b5 24. cxb5 Rxb5 25. Qc2 a5 26. Nc3 Rbb8 27. Nd5 Bd6
28. Re4 f5 29. Rh4 Ng6 30. Rh5 Qf7 31. b3 Rbe8 32. Rh6 Kg7 33. Rh3 f4 34. Nb6
fxg3 35. hxg3 Bc7 36. Nc4 Re7 37. Nb2 Bd6 38. Nd3 Qf5 39. Qd2 h5 40. Qxa5 h4
41. Qd2 Rfe8 42. gxh4 Qg4 43. Rf1 Nxh4 44. Rxh4 Qxh4 45. Qd1 Rh8 46. Re1 Bh2+
47. Kf1 Bd6 48. Rxe7+ Bxe7 49. Qf3 Qg5 50. Qe4 Bd6 51. Qe6 Rh6 52. Qd7+ Qe7 53.
Qxe7+ Bxe7 54. a4 Rb6 55. Bd5 Ra6 56. Bc4 Ra7 57. Ne5 Kf6 58. Nd3 Bd6 59. Ke2
Ke7 60. Kf3 Kd7 61. Ke4 Kc6 62. Bb5+ Kb6 63. Kd5 Be7 64. Ne5 Ra8 65. f4 Rd8+
66. Ke6 Bf8 67. f5 Bg7 68. f6 Bh8 69. Nd7+ Kc7 70. f7 d3 71. f8=Q Rxf8 72. Nxf8
1-0